Práctica y análisis de un sistema intensivo a campo de crianza y producción de cerdos en el marco de la empresa "Villa Adrianita" /

Guardado en:
Autor Principal: Parodi, María Luján.
Autor Corporativo: Universidad Nacional del Sur. Departamento de Agronomía.
Otros Autores: Fernández, Hebe Tania, (tutor.)
Formato: Libro
Idioma:Spanish
Publicado: Bahía Blanca, 2020.
Materias:
Acceso en línea:Acceso a texto completo
Etiquetas: Agregar Etiqueta
Sin Etiquetas, Sea el primero en etiquetar este registro!
LEADER 01218nam a22002415a 4500
001 EEA.libagro011287
008 201230s2020####ag#a####s#####000#0#spa#d
005 20220218131418.0
245 1 0 |a Práctica y análisis de un sistema intensivo a campo de crianza y producción de cerdos en el marco de la empresa "Villa Adrianita" /  |c María Luján Parodi. 
260 |a Bahía Blanca,  |c 2020. 
300 |a [38] h :  |b il. col., fot. col. ;  |c 30 cm. 
500 |a Trabajo de intensificación (Ingeniero Agrónomo) -- Universidad Nacional del Sur. Departamento de Agronomía, 2020. 
530 |a Disponible solo en línea. 
100 1 |a Parodi, María Luján. 
700 1 |a Fernández, Hebe Tania,  |e tutor. 
710 2 |a Universidad Nacional del Sur.  |b Departamento de Agronomía. 
650 7 |a Cerdo  |x Crianza intensiva  |2 agrovoc 
650 7 |a Agronomía  |x Enseñanza profesional (nivel universitario)  |2 unbist 
650 7 |a Ingeniería agrícola  |x Enseñanza profesional (nivel universitario)  |2 unbist 
653 |a Práctica profesional 
651 4 |a Tornquist (Argentina : Partido) 
856 4 0 |3 Acceso a texto completo  |u http://repositoriodigital.uns.edu.ar/handle/123456789/5391 
859 |a AR-BbBCA  |b BIB. AGRONOMIA  |h 636.4  |i P257  |p 2020/7142